| 000 | 00819nam a2200241 i 4500 | ||
|---|---|---|---|
| 001 | 55494 | ||
| 003 | ES-MaACL | ||
| 005 | 20251015063100.0 | ||
| 007 | t| | ||
| 008 | 030922s1920 it ||||1| spa d | ||
| 100 | 1 |
_aDe Ruggiero, Guido, _d1888-1948 _9100563 |
|
| 245 | 1 | 3 |
_aLa filosofía contemporánea / _cGuido de Ruggiero. |
| 250 | _a2ª ed. | ||
| 260 |
_aBari : _bGius Laterza et Fligi, _c1920. |
||
| 300 |
_a2 v. ; _c21 cm. |
||
| 505 | 8 | _aContiene: V. I: Parte I: La filosofía Tedesca ; La filosofía francesa. -- V. II: La filosofía anglo-americana ; La filosofía italiana | |
| 740 | 3 | _aLa filosofía tedesca. | |
| 740 | 3 | _aLa filosofía francesa. | |
| 740 | 3 | _aLa filosofía anglo-americana. | |
| 740 | 3 | _aLa filosofía italiana. | |
| 852 |
_aES-MaACL _jF-5002 |
||
| 999 |
_c55494 _d55494 |
||